Bi-Continental+ Countries - Statistics

General Stats
  • This quiz has been taken 12 times
    9 since last reset
  • The average score is 16 of 24
Answer Stats
Continents Answer % Correct
6 France
100%
2 Russia
100%
7 United Kingdom
100%
3 United States
100%
2 Denmark
89%
3 Portugal
89%
2 Spain
89%
2 Turkey
89%
3 Australia
78%
2 Indonesia
78%
2 Netherlands
78%
2 New Zealand
78%
3 Chile
67%
2 Egypt
67%
2 Azerbaijan
56%
2 Georgia
56%
2 Kazakhstan
56%
2 Panama
56%
2 Argentina
44%
2 Colombia
44%
2 Norway
44%
2 Iceland
33%
2 Venezuela
33%
2 Yemen
22%
No matching quizzes found
Score Distribution
Percent of People with Each Score
Percentile by Number Answered
Your Score History
You have not taken this quiz since the last reset